Guess the Fusion Rock Song Lyrics #329 - Statistics

General Stats
  • This quiz has been taken 13 times
  • The average score is 154 of 257
Answer Stats
Answer % Correct
a
100%
I
100%
you
100%
You
100%
and
92%
it
92%
me
92%
my
92%
We
92%
we
92%
when
92%
When
92%
your
92%
Your
92%
in
85%
In
85%
just
85%
Just
85%
like
85%
of
85%
on
85%
So
85%
so
85%
the
85%
To
85%
to
85%
who
85%
For
77%
hear
77%
If
77%
I'm
77%
love
77%
loved
77%
That
77%
that
77%
yeah
77%
come
69%
go
69%
know
69%
life
69%
one
69%
only
69%
was
69%
all
62%
baby
62%
ever
62%
Here
62%
man
62%
out
62%
take
62%
They
62%
they
62%
up
62%
Well
62%
Doobie Brothers
54%
girl
54%
Let
54%
little
54%
now
54%
real
54%
Real
54%
we've
54%
another
46%
days
46%
down
46%
head
46%
knows
46%
lie
46%
live
46%
need
46%
nights
46%
really
46%
right
46%
say
46%
heart
38%
hey
38%
Hey
38%
lived
38%
minute
38%
Tell
38%
we'd
38%
Darling
31%
darling
31%
inside
31%
long
31%
wanting
31%
back
23%
believe
23%
learn
23%
nice
23%
nobody
23%
Place
23%
tonight
23%
very
23%
whoa
23%
anyone
15%
both
15%
Deep
15%
enough
15%
Honey
15%
memory
15%
pillow
15%
trade
15%
along
8%
approaches
8%
bandit
8%
Chalking
8%
comfort
8%
Grindin
8%
hurt
8%
part
8%
secret
8%
Stands
8%
turns
8%
wheel
8%
No matching quizzes found
Score Distribution
Percent of People with Each Score
Percentile by Number Answered
Your Score History
You have not taken this quiz